Teoría y política del desarrollo económico /

Guardat en:
Dades bibliogràfiques
Autor principal: Furtado, Celso
Altres autors: Oliviera, Francisco Martí, Soler trad
Format: Text
Publicat: México D.F.: Siglo XXI
Edició:6
Etiquetes: Afegir etiqueta
Sense etiquetes, Sigues el primer a etiquetar aquest registre!

MARC

LEADER 00000 a a2200000 04500
001 22198
003
040
090 |a 150500  
100 |a Furtado, Celso  
245 |a Teoría y política del desarrollo económico /  |c Celso Furtado 
250 |a 6  
260 |a México D.F.:   |b Siglo XXI  
300 |a 301 p   |b il.  
700 |a Oliviera, Francisco   |a Martí, Soler   |a trad  
999 |c 16774  |d 16774